000 00545nam a2200205Ia 4500
005 20250923144659.0
008 008 250917s9999 xx 000 0 eng d
037 _aTextual
040 _aDSWL
_beng
_cDSWL
041 _aeng
_2eng
084 _qDSWL
100 _aDehon, Rep P.
_9827312
245 0 _aReligion and customs of the uraons
_cby Rep P. Dehon
260 _aCalcutta
_bBaptist Mission Press
_c1906
300 _a121 to 181p.
365 _aINR
_b15
925 _g15
942 _cTEXL
999 _c1441968
_d1441968